000 00823nam a2200217 i 4500
001 143765
003 ES-MaACL
005 20230906200858.0
007 t|
008 070214s1966 sp |||| | spa d
080 _a328(46)"18/19"(02)
080 _a946"18/19"(02)
100 1 _aSevilla Andrés, Diego.
_9105934
245 1 0 _aHistoria constitucional de España (1800-1966).
_nI,
_pLa Revolución nacional (1800-1833) :
_bel gobierno de las clases medias (1834-1874) /
_cDiego Sevilla Andrés.
260 _aValencia :
_bEscuela Social,
_c1966.
300 _a446 p. ;
_c25 cm.
651 4 _aEspaña-
_xHistoria constitucional-
_yS.XIX.
_98367
710 2 _aEscuela Social de Valencia.
_93594
740 3 2 _aLa Revolución nacional (1800-1833): el gobierno de las clases medias (1834-1874)
852 _aES-MaACL
_jP-1124
999 _c143765
_d143765